[Event "IECC CL5-2015.01 email"]
[Site "IECC email"]
[Date "2015.03.14"]
[Round "?"]
[White "Slavin, Pablo"]
[Black "Loke, Daniel"]
[Result "1-0"]
[WhiteElo "1530"]
[BlackElo "1514"]
[PlyCount "31"]
[EventDate "2015.??.??"]
[EventType "tourn (corr)"]
[EventRounds "4"]
[SourceTitle "Corr 2020"]
[Source "ChessBase"]
[SourceDate "2019.09.30"]
[SourceVersion "1"]
[SourceVersionDate "2019.09.30"]
[SourceQuality "1"]
[WhiteTeam "Israel"]
[BlackTeam "Malaysia"]
[WhiteTeamCountry "ISR"]
[BlackTeamCountry "MAS"]

1. e4 e5 2. Nf3 d6 3. Nc3 f5 4. Bc4 Nf6 5. Ng5 d5 6. exd5 Bd6 7. d4 e4 8. 0-0 h6 9. Ne6 Bxe6 10. dxe6 Bxh2+ 11. Kxh2 Ng4+ 12. Kg1 Qh4 13. Bf4 g5 14. Bg3 Qh5 15. Nd5 0-0 16. e7 1-0

[Event "IECC M-5503"]
[Site "IECC email"]
[Date "2006.06.28"]
[Round "?"]
[White "Loke, Daniel"]
[Black "Williams, Derek"]
[Result "1-0"]
[WhiteElo "1478"]
[BlackElo "1529"]
[PlyCount "57"]
[EventDate "2006.??.??"]
[EventType "tourn (corr)"]
[EventRounds "10"]
[SourceTitle "Corr 2008"]
[Source "ChessBase"]
[SourceDate "2008.06.24"]
[SourceVersion "1"]
[SourceVersionDate "2008.06.24"]
[SourceQuality "1"]

1. e4 d5 2. exd5 Qxd5 3. Nc3 Qe6+ 4. Be2 Bd7 5. d4 Qf5 6. Nf3 Nc6 7. 0-0 0-0-0 8. Be3 Nb4 9. Rc1 Be6 10. a3 Nd5 11. Nxd5 Bxd5 12. c4 Be4 13. Qa4 Kb8 14. b4 Qg4 15. d5 b6 16. h3 Qg6 17. Qb3 e5 18. a4 f5 19. a5 f4 20. Bd2 Bd6 21. axb6 axb6 22. c5 Be7 23. d6 cxd6 24. c6 Rc8 25. Qa4 h5 26. Qa6 Rc7 27. Qxb6+ Kc8 28. Ba6+ Kd8 29. Qb8+ 1-0